| 000 | 00590cam a2200205 4500 | ||
|---|---|---|---|
| 001 | D6186 | ||
| 008 | 090401t1981 xxu||||| |||| 00| 0 eng d | ||
| 035 | _a(Sirsi) u89434 | ||
| 041 | _aeng | ||
| 050 | _a692.8 | ||
| 110 |
_aJoint Contracts Tribunal _93664 |
||
| 245 | _aJCT standard form of building contract 1980 edition: sectional completion supplement [including] practice note 1 | ||
| 260 |
_bRIBA _c1981 |
||
| 300 | _a11p. 30cm | ||
| 350 | _a1.84 | ||
| 490 |
_aJCT Practice Note _v1 |
||
| 520 | _aFiled in JCT box 1980/14 A (Archives only) | ||
| 942 | _n0 | ||
| 948 | _c04/03/1997 | ||
| 999 |
_c97462 _d97462 |
||